000 01144nam a22003377a 4500
003 CHAP
005 20220817042656.0
008 971013s1979 r 00010 d
010 _a51857
011 _a52829
035 _a56979
040 _cCHAP
090 _aFolleto 6073
100 0 0 _aRomagoza Vila, José Antonio.
_999470
245 _aSubproductos de la industria cervecera en la alimentación del ganado
260 _aMadrid :
_bMinisterio de Agricultura,
_c1979
300 _a15 p.
_b: ilus.
490 _aHojas divulgadoras
_v; 15-79
590 _aBATCH-UPD
_b10
_c20130110
_lUCH01
_h2019
590 _aBATCH-UPD
_b10
_c20130410
_lUCH01
_h1337
590 _aBATCH-UPD
_b10
_c20130914
_lUCH01
_h0917
590 _aCONVERSION
_b10
_c20130109
_lUCH01
_h1328
650 1 4 _aAlimentos y alimentacion del ganado.
_94326
650 1 4 _aCerveza
_xSubproductos.
_921644
830 0 _aHojas divulgadoras
_v; 15-79
901 _aBK
942 _cFOLL
949 _aFolleto 6073
_bBC
_cFOLL
_d-124157
_eTS1
_i56979
_si
949 _aFolleto 6073
_bBC
_cFOLL
_d-124158
_eTS2
_fc.2
_i56979
_si
949 _aFolleto 6073
_bBC
_cFOLL
_d-124159
_eTS2
_fc.3
_i56979
_si
999 _c51857
_d51857